Campeones de la F1 - Statistics

General Stats
  • This quiz has been taken 39 times
  • The average score is 62 of 75
Answer Stats
Hint Answer % Correct
1988 Ayrton Senna
100%
1990 Ayrton Senna
100%
1991 Ayrton Senna
100%
2005 Fernando Alonso
100%
2006 Fernando Alonso
100%
2007 Kimi Räikkönen
100%
2008 Lewis Hamilton
100%
2013 Lewis Hamilton
100%
2014 Lewis Hamilton
100%
2015 Lewis Hamilton
100%
2017 Lewis Hamilton
100%
2018 Lewis Hamilton
100%
2019 Lewis Hamilton
100%
2020 Lewis Hamilton
100%
2021 Max Verstappen
100%
2022 Max Verstappen
100%
2023 Max Verstappen
100%
2024 Max Verstappen
100%
1994 Michael Schumacher
100%
1995 Michael Schumacher
100%
2000 Michael Schumacher
100%
2001 Michael Schumacher
100%
2002 Michael Schumacher
100%
2003 Michael Schumacher
100%
2004 Michael Schumacher
100%
2010 Sebastian Vettel
100%
2011 Sebastian Vettel
100%
2012 Sebastian Vettel
100%
1985 Alain Prost
96%
1986 Alain Prost
96%
1989 Alain Prost
96%
1993 Alain Prost
96%
1951 Juan Manuel Fangio
96%
1954 Juan Manuel Fangio
96%
1955 Juan Manuel Fangio
96%
1956 Juan Manuel Fangio
96%
1957 Juan Manuel Fangio
96%
2016 Nico Rosberg
96%
1982 Keke Rosberg
91%
1975 Niki Lauda
91%
1977 Niki Lauda
91%
1984 Niki Lauda
91%
2009 Jenson Button
87%
1998 Mika Häkkinen
83%
1999 Mika Häkkinen
83%
1997 Jacques Villeneuve
78%
1976 James Hunt
78%
1981 Nelson Piquet
78%
1983 Nelson Piquet
78%
1987 Nelson Piquet
78%
1952 Alberto Ascari
74%
1953 Alberto Ascari
74%
1950 Giuseppe Farina
74%
1962 Graham Hill
74%
1968 Graham Hill
74%
1996 Damon Hill
70%
1959 Jack Brabham
70%
1960 Jack Brabham
70%
1966 Jack Brabham
70%
1961 Phil Hill
70%
1972 Emerson Fittipaldi
65%
1974 Emerson Fittipaldi
65%
1992 Nigel Mansell
65%
1969 Jackie Stewart
61%
1971 Jackie Stewart
61%
1973 Jackie Stewart
61%
1980 Alan Jones
57%
1978 Mario Andretti
52%
1963 Jim Clark
48%
1965 Jim Clark
48%
1979 Jody Scheckter
48%
1970 Jochen Rindt
35%
1964 John Surtees
30%
1958 Mike Hawthorn
30%
1967 Denny Hulme
26%
No matching quizzes found
Score Distribution
Percent of People with Each Score
Percentile by Number Answered
Your Score History
You have not taken this quiz